Sports Quiz

Random Sports or Nation Quiz
Score 0/57 Timer 10:00
0 Plays Today
Nation Country % Correct
SpainBarcelona
82.1%
EnglandManchester United
72.8%
Champions LeagueBarcelona
72.3%
ScotlandRangers
68.8%
ItalyInternazionale
66.5%
PortugalPorto
64.2%
GermanyVfL Wolfsburg
56.6%
FranceGirondins Bordeaux
54.9%
UkraineDynamo Kyiv
53.8%
NetherlandsAZ Alkmaar
52.6%
TurkeyBeşiktaş
48.6%
BelgiumStandard Liege
45.1%
RussiaRubin Kazan
43.9%
DenmarkKobenhaven
39.9%
CyprusAPOEL
38.7%
UEFA CupShakhtar Donetsk
38.7%
Czech RepublicSlavia Prague
37.6%
SwitzerlandZurich
37%
IsraelMaccabi Haifa
37%
CroatiaDinamo Zagreb
32.4%
GreeceOlympiacos
30.1%
HungaryDebrecen
29.5%
SerbiaPartizan
27.7%
AustriaRed Bull Salzburg
27.2%
European Super CupShakhtar Donetsk
27.2%
RomaniaUnirea Urziceni
26.6%
LiechtensteinVaduz
24.3%
BulgariaLevski Sofia
24.3%
BelarusBATE
23.1%
Nation Country % Correct
IrelandBohemians
19.7%
PolandWisła Kraków
17.9%
Northern IrelandGlentoran
17.3%
AlbaniaTirana
16.8%
SlovakiaSlovan Bratislava
16.2%
SloveniaMaribor
14.5%
AzerbaijanBaku
13.9%
LatviaVentspils
10.4%
MoldovaSheriff Tiraspol
10.4%
WalesRhyl
8.7%
EstoniaLevadia
7.5%
NorwayStabaek
6.4%
IcelandFH
6.4%
KazakhstanAktobe
5.2%
MaltaHibernians
5.2%
SwedenKalmar FF
4.6%
FinlandInter Turku
4%
LuxembourgF91
2.9%
San MarinoTre Fiori
2.9%
Bosnia and HerzegovinaZrinjski Mostar
2.9%
Baltic LeagueSkonto
2.9%
LithuaniaEkranas
2.3%
ArmeniaPyunik
2.3%
GeorgiaWIT
2.3%
AndorraSaint Julia
1.7%
MontenegroMogren
1.7%
Faroe IslandsEBStreymur
1.2%
MacedoniaMakedonija
0.6%

You're not logged in!

Compare scores with friends on all Sporcle quizzes.
OR
Log In

Sporcle TV

Today on Sporcle TV


Watch our educational content, quiz creation guides, and fun videos on Sporcle TV.

Show Comments

Extras

Top Quizzes Today


Score Distribution

Paid Content

Your Account Isn't Verified!

In order to create a playlist on Sporcle, you need to verify the email address you used during registration. Go to your Sporcle Settings to finish the process.

Report this User

Report this user for behavior that violates our Community Guidelines.

Details: